Report on the geology of Marion County, (Record no. 24089)
[ view plain ]
| 000 -LEADER | |
|---|---|
| fixed length control field | 00631nam a22002051 4500 |
| 001 - CONTROL NUMBER | |
| control field | gs 04000037 |
| 003 - CONTROL NUMBER IDENTIFIER | |
| control field | DLC |
| 005 - DATE AND TIME OF LATEST TRANSACTION | |
| control field | 20260227111259.0 |
| 008 - FIXED-LENGTH DATA ELEMENTS--GENERAL INFORMATION | |
| fixed length control field | 870311s1885 kyub s00000 eng c |
| 010 ## - LIBRARY OF CONGRESS CONTROL NUMBER | |
| LC control number | gs 04000037 //r872 |
| 040 ## - CATALOGING SOURCE | |
| Original cataloging agency | U.S. Geol. Survey Libr./ICU |
| Transcribing agency | ICU |
| 043 ## - GEOGRAPHIC AREA CODE | |
| Geographic area code | n-us-ky |
| 050 0# - LIBRARY OF CONGRESS CALL NUMBER | |
| Classification number | QE116.M3 |
| Item number | A |
| 110 10 - MAIN ENTRY--CORPORATE NAME | |
| Corporate name or jurisdiction name as entry element | Kentucky. |
| Subordinate unit | State Geologist. |
| 245 10 - TITLE STATEMENT | |
| Title | Report on the geology of Marion County, |
| Statement of responsibility, etc. | by W.T. Knott. |
| 260 0# - PUBLICATION, DISTRIBUTION, ETC. | |
| Place of publication, distribution, etc. | [Frankfort] |
| Name of publisher, distributor, etc. | J.D. Woods, Public Printer and Binder |
| Date of publication, distribution, etc. | [1885] |
| 300 ## - PHYSICAL DESCRIPTION | |
| Extent | 42 p. |
| Other physical details | fold. col. map. |
| Dimensions | 25 cm. |
| 650 #0 - SUBJECT ADDED ENTRY--TOPICAL TERM | |
| Topical term or geographic name entry element | Geology |
| Geographic subdivision | Kentucky |
| -- | Marion County. |
| 700 10 - ADDED ENTRY--PERSONAL NAME | |
| Personal name | Knott, W. T. |
No items available.